The ultimate video games quiz part 2 - Statistics

General Stats
  • This quiz has been taken 9 times
  • The average score is 4 of 500
Answer Stats
Answer % Correct
GTA
71%
Pac-Man
57%
Tetris
57%
Fortnite
43%
God Of War
14%
God of War 2
14%
God Of War 3
14%
God of War: Ghost of Sparta
14%
GTA 3
14%
Plants vs. Zombies
14%
Plants vs. Zombies 2
14%
Plants vs. Zombies 3
14%
Plants vs. Zombies: Battle for Neighborville
14%
Plants vs. Zombies: Garden Warfare
14%
Plants vs. Zombies: Garden Warfare 2
14%
3D Tetris
0%
Animal Crossing
0%
Animal Crossing: amiibo Festival
0%
Animal Crossing: City Folk
0%
Animal Crossing: Happy Home Designer
0%
Animal Crossing: New Horizons
0%
Animal Crossing: New Horizons – Happy Home Paradise
0%
Animal Crossing: New Leaf
0%
Animal Crossing: New Leaf - Welcome amiibo
0%
Animal Crossing: Pocket Camp
0%
Animal Crossing: Pocket Camp Complete
0%
Animal Crossing: Wild World
0%
Ape Academy 2
0%
Ape Escape
0%
Ape Escape 2
0%
Ape Escape 3
0%
Ape Escape Academy
0%
Ape Escape: On the Loose
0%
Ape Escape: Pumped & Primed
0%
Ape Quest
0%
Astro Bot
0%
Astro Bot Rescue Mission
0%
Astro's Playroom
0%
Baby Pac-Man
0%
Banjo-Kazooie
0%
Banjo-Kazooie: Grunty's Revenge
0%
Banjo-Kazooie: Nuts & Bolts
0%
Banjo-Pilot
0%
Banjo-Tooie
0%
Bentley's Hackpack
0%
Bionicle
0%
Bionicle Challenge
0%
Bionicle Defenders
0%
Bionicle Heroes
0%
Bionicle: Mask of Control
0%
Bionicle: Mask of Creation
0%
Bionicle: Matoran Adventures
0%
Bionicle: Maze of Shadows
0%
Block Dash
0%
BS F-Zero Grand Prix
0%
BS F-Zero Grand Prix 2
0%
Christmas NiGHTS into Dreams
0%
Classic NES Series: Dr. Mario
0%
Crash Bandicoot 4: It's About Time
0%
Crash Bandicoot Mutant Island
0%
Crash Bandicoot: Nitro Kart 2
0%
Crash Bandicoot N Sane Trilogy
0%
Crash Bandicoot: On the Run!
0%
Crash: Mind Over Mutant
0%
Crash Team Racing Nitro-Fueled
0%
Crash Team Rumble
0%
Creator: Harry Potter and the Chamber of Secrets
0%
Croc
0%
Croc 2
0%
Croc: Legend of the Gobbos
0%
Croc Mobile: Jungle Rumble!
0%
Croc Mobile: Pinball
0%
Croc Mobile: Volcanic Panic!
0%
Daxter
0%
Klonoa 2: Lunatea's Veil
0%
Pac-Man Chomp Mania
0%
Dr.Luigi
0%
Dr. Mario
0%
Dr. Mario 64
0%
Dr. Mario BS Ban
0%
Dr. Mario Express
0%
Dr. Mario: Miracle Cure
0%
Dr. Mario Online Rx
0%
Dr. Mario Vitamin Toss
0%
Dr. Mario World
0%
EyeToy: Monkey Mania
0%
Faces...tris III
0%
F-Zero
0%
F-Zero 99
0%
F-Zero AX
0%
F-Zero Climax
0%
F-Zero GP Legend
0%
F-Zero GX
0%
F-Zero X
0%
F-Zero X Expansion Kit
0%
Galidor: Defenders of the Outer Dimension
0%
Game & Wario
0%
God of War: Ascension
0%
God of War: Betrayal
0%
God of War: Chains of Olympus
0%
God of War Collection
0%
God of War: Origins Collection
0%
God of War Ragnarök
0%
God of War Saga
0%
GTA 2
0%
GTA Online
0%
GTA San Andreas
0%
GTA Vice City
0%
Hatris
0%
Jak 2
0%
Jak 3
0%
Jak and Daxter Bundle
0%
Jak and Daxter Collection
0%
Jak and Daxter: The Lost Frontier
0%
Jak and Daxter: The Precursor Legacy
0%
Jak X Combat Racing
0%
Jet Grind Radio
0%
JetPunk
0%
Jet Set Radio
0%
Jet Set Radio Future
0%
Jr. Pac-Man
0%
Kaze no Klonoa: Moonlight Museum
0%
Klonoa Beach Volleyball
0%
Klonoa: Door to Phantomile
0%
Klonoa: Empire of Dreams
0%
Klonoa Heroes: Densetsu no Star Medal
0%
Klonoa Phantasy Reverie Series
0%
Klonoa Wii
0%
Lego 2K Drive
0%
Lego Alpha Team
0%
Lego Batman 2: DC Super Heroes
0%
Lego Batman 3: Beyond Gotham
0%
Lego Batman: Legacy of the Dark Knight
0%
Lego Batman: The Videogame
0%
Lego Battles
0%
Lego Battles: Ninjago
0%
Lego Bionicle: Quest for the Toa
0%
Lego Brawls
0%
Lego Brick Breaker
0%
Lego Bricks
0%
Lego Bricktales
0%
Lego Bricktopia
0%
Lego Builder Bots
0%
Lego Builder's Journey
0%
Lego Chess
0%
Lego Chic Boutique
0%
Lego City My City
0%
Lego City Team Up
0%
Lego City Undercover
0%
Lego City Undercover: The Chase Begins
0%
Lego Creator
0%
Lego Creator: Harry Potter
0%
Lego Creator: Knights' Kingdom
0%
Lego Cube
0%
Lego DC Super-Villains
0%
Lego Dimensions
0%
Lego Drome Racers
0%
Lego Duplo Minispiele 2
0%
Lego Duplo Zoo
0%
Lego Escape
0%
Lego Fever
0%
Lego Football Mania
0%
Lego Fortnite
0%
Lego Friends
0%
Lego Friends Dress Up
0%
Lego Fun to Build
0%
Lego Galaxy Squad Bug Battle
0%
Lego Harry Potter Collection
0%
Lego Harry Potter: Years 1–4
0%
Lego Harry Potter: Years 5–7
0%
Lego Hero Factory Brain Attack
0%
Lego Hill Climb Adventures
0%
Lego Horizon Adventures
0%
Lego Indiana Jones 2: The Adventure Continues
0%
Lego Indiana Jones: The Original Adventures
0%
Lego Island
0%
Lego Island 2: The Brickster's Revenge
0%
Lego Island Xtreme Stunts
0%
Lego Juniors Create & Cruise
0%
Lego Jurassic World
0%
Lego Knights' Kingdom
0%
Legoland
0%
Lego Legacy: Heroes Unboxed
0%
Lego Legends of Chima: Laval's Journey
0%
Lego Legends of Chima Online
0%
Lego Legends of Chima: Speedorz
0%
Lego Legends of Chima: Tribe Fighters
0%
Lego Life of George
0%
Lego Loco
0%
Lego Marvel Collection
0%
Lego Marvel's Avengers
0%
Lego Marvel Super Heroes
0%
Lego Marvel Super Heroes 2
0%
Lego Marvel Super Heroes: Universe in Peril
0%
Lego Minifigures Online
0%
Lego Monster Fighters Race
0%
Lego My Style: Kindergarten
0%
Lego My Style: Preschool
0%
Lego Nexo Knights: Merlok 2.0
0%
Lego Ninjago: Nindroids
0%
Lego Ninjago: Rise of the Snakes
0%
Lego Ninjago: Shadow of Ronin
0%
Lego Party
0%
Lego Pirates of the Caribbean: The Video Game
0%
Lego Racers
0%
Lego Racers 2
0%
Lego Rock Band
0%
Lego Rock Raiders
0%
Lego Star Wars Battles
0%
Lego Star Wars: Castaways
0%
Lego Star Wars III: The Clone Wars
0%
Lego Star Wars II: The Original Trilogy
0%
Lego Star Wars: Microfighters
0%
Lego Star Wars: The Complete Saga
0%
Lego Star Wars: The Force Awakens
0%
Lego Star Wars: The Skywalker Saga
0%
Lego Star Wars: The Video Game
0%
Lego Stunt Rally
0%
Lego The Hobbit
0%
Lego The Incredibles
0%
Lego The Lord of the Rings
0%
Lego Tower
0%
Lego Universe
0%
Lego Voyagers
0%
Lego Worlds
0%
Lego World Soccer
0%
LittleBigPlanet
0%
LittleBigPlanet 2
0%
LittleBigPlanet 3
0%
LittleBigPlanet Karting
0%
Mario Golf
0%
Mario Golf Game Boy
0%
Mario Golf: Super Rush
0%
Mario Golf: Toadstool Tour
0%
Mario Golf: World Tour
0%
Mario Power Tennis
0%
Mario's Tennis
0%
Mario Tennis
0%
Mario Tennis Aces
0%
Mario Tennis Fever
0%
Mario Tennis Open
0%
Mario Tennis: Power Tour
0%
Mario Tennis: Ultra Smash
0%
Maximum Velocity
0%
Mega Man
0%
Mega Man 10
0%
Mega Man 11
0%
Mega Man 2
0%
Mega Man 2: The Power Fighters
0%
Mega Man 3
0%
Mega Man 4
0%
Mega Man 5
0%
Mega Man 6
0%
Mega Man 7
0%
Mega Man 8
0%
Mega Man 9
0%
Mega Man & Bass
0%
Mega Man: Battle & Chase
0%
Mega Man Battle Network
0%
Mega Man Battle Network 2
0%
Mega Man Battle Network 3
0%
Mega Man Battle Network 4
0%
Mega Man Battle Network 5
0%
Mega Man Battle Network 6
0%
Mega Man Battle Network 7
0%
Mega Man Battle Network legacy Collection
0%
Mega Man: Dr. Wily's Revenge
0%
Mega Man Legends
0%
Mega Man Legends 2
0%
Mega Man Powered Up
0%
Mega Man Soccer
0%
Mega Man Star Force 2: Zerker × Ninja & Zerker × Saurian
0%
Mega Man Star Force 3: Black Ace & Red Joker
0%
Mega Man Star Force Legacy Collection
0%
Mega Man Star Force: Pegasus, Leo & Dragon
0%
Mega Man: The Power Battle
0%
Mega Man: The Wily Wars
0%
Mega Man X
0%
Mega Man X 2
0%
Mega Man X 3
0%
Mega Man X 4
0%
Mega Man X 5
0%
Mega Man X6
0%
Mega Man X 7
0%
Mega Man X 8
0%
Mega Man X Collection
0%
Mega Man X Street Fighter
0%
Mega Man Zero
0%
Mega Man Zero 2
0%
Mega Man Zero 3
0%
Mega Man Zero 4
0%
Mega Man Zero/ZX Legacy Collection
0%
Mega Man ZX
0%
Mega Man ZX Advent
0%
Mobile Golf
0%
Monkey Ball
0%
Mr. & Mrs. Pac-Man
0%
Ms. Pac-Man
0%
Ms. Pac-Man Maze Madness
0%
Ms. Pac-Man: Quest for the Golden Maze
0%
NiGHTS Dream Wheel
0%
NiGHTS into Dreams
0%
NiGHTS: Journey of Dreams
0%
NiGHTS ~ Score Attack ~
0%
Pac & Pal
0%
Pac-Attack
0%
Pac-In-Time
0%
Pac-Land
0%
Pac-Man 256
0%
Pac-Man 2: The New Adventures
0%
Pac-Man 99
0%
Pac-Man: Adventures in Time
0%
Pac-Man All-Stars
0%
Pac-Man and the Ghostly Adventures
0%
Pac-Man and the Ghostly Adventures 2
0%
Pac-Man Arrangement
0%
Pac-Man Battle Royale
0%
Pac-Man Battle Royale Chompionship
0%
Pac-Man Championship Edition
0%
Pac-Man Championship Edition 2
0%
Pac-Man Championship Edition DX
0%
Pac-Man Fever
0%
Pac-Mania
0%
Pac-Man Mega Tunnel Battle
0%
Pac-Man Mega Tunnel Battle: Chomp Champs
0%
Pac-Man Party
0%
Pac-Man Pinball Advance
0%
Pac-Man Plus
0%
Pac-Man Tilt
0%
Pac-Man VR
0%
Pac-Man Vs.
0%
Pac-Man World
0%
Pac-Man World 2
0%
Pac-Man World 2 Re-Pac
0%
Pac-Man World 3
0%
Pac-Man World Rally
0%
Pac-Man World Re-Pac
0%
Pac 'n Roll
0%
Pac-Pix
0%
Panic Shot! Rockman
0%
Pipo Saru 2001
0%
Plants vs. Zombies Adventures
0%
Plants vs. Zombies: All Stars
0%
Plants vs. Zombies: Great Wall Edition
0%
Plants vs. Zombies Heroes
0%
Plants vs. Zombies: Journey to the West
0%
Plants vs. Zombies: Magic Book
0%
Plants vs. Zombies Online
0%
Plants vs. Zombies Pinball
0%
Plants vs. Zombies Pinyin Adventure
0%
Plants vs. Zombies Risk
0%
Plants vs. Zombies: The Board Game
0%
PlayStation Move Ape Escape
0%
Professor Pac-Man
0%
Ratchet & Clank
0%
Ratchet & Clank: All 4 One
0%
Ratchet & Clank: Before the Nexus
0%
Ratchet & Clank Collection
0%
Ratchet & Clank: Full Frontal Assault
0%
Ratchet & Clank Future: A Crack in Time
0%
Ratchet & Clank Future: Quest for Booty
0%
Ratchet & Clank Future: Tools of Destruction
0%
Ratchet & Clank: Going Commando
0%
Ratchet & Clank: Going Mobile
0%
Ratchet & Clank: Into the Nexus
0%
Ratchet & Clank: Rift Apart
0%
Ratchet & Clank: Size Matters
0%
Ratchet & Clank: Up Your Arsenal
0%
Ratchet: Deadlocked
0%
Rockman Collection Special Box
0%
Rockman Complete Works
0%
Run Sackboy! Run!
0%
Sackboy: A Big Adventure
0%
Sackboy's Prehistoric Moves
0%
Saru! Get You! Million Monkeys
0%
Saru Get You: Pipo Saru Racer
0%
Saru! Get You! SaruSaru Big Mission
0%
Secret Agent Clank
0%
Shadow Basketball
0%
Shadow Labyrinth
0%
Sly 2: Band of Thieves
0%
Sly 3: Honor Among Thieves
0%
Sly Cooper and the Thievius Raccoonus
0%
Sly Cooper: Thieves in Time
0%
Sonic Billiards
0%
Sonic Dash Extreme
0%
Sonic Eraser
0%
Sonic Head On
0%
Sonic Hearts
0%
Sonic J
0%
Sonic Logic
0%
Sonic No Daiffugou
0%
Sonic's Bomb Squad
0%
Sonic The Hedgehog Golf
0%
Sonic Xtreme
0%
Spyro 2: Ripto's Rage!
0%
Spyro 2: Season of Flame
0%
Spyro: A Hero's Tail
0%
Spyro: Attack of the Rhynocs
0%
Spyro: Enter the Dragonfly
0%
Spyro Orange: The Cortex Conspiracy
0%
Spyro Reignited Trilogy
0%
Spyro: Ripto Quest
0%
Spyro: Season of Ice
0%
Spyro: Shadow Legacy
0%
Spyro the Dragon
0%
Spyro: Year of the Dragon
0%
Star Fox
0%
Star Fox 2
0%
Star Fox 64
0%
Star Fox 64 3D
0%
Star Fox Adventures
0%
Star Fox Arcade
0%
Star Fox: Assault
0%
Star Fox Guard
0%
Star Fox Zero
0%
Super Adventure Rockman
0%
Super Mario Bros wonder
0%
Super Mario Odyssey
0%
Super Monkey Ball
0%
Super Monkey Ball 2
0%
Super Monkey Ball 2: Sakura Edition
0%
Super Monkey Ball 3D
0%
Super Monkey Ball Adventure
0%
Super Monkey Ball: Banana Blitz
0%
Super Monkey Ball: Banana Blitz HD
0%
Super Monkey Ball Banana Mania
0%
Super Monkey Ball Banana Rumble
0%
Super Monkey Ball: Banana Splitz
0%
Super Monkey Ball Bounce
0%
Super Monkey Ball Deluxe
0%
Super Monkey Ball Jr.
0%
Super Monkey Ball: Step & Roll
0%
Super Monkey Ball: Ticket Blitz
0%
Super Monkey Ball: Tip 'n Tilt
0%
Super Monkey Ball: Tip 'n Tilt 2
0%
Super Monkey Ball: Touch & Roll
0%
Super Pac-Man
0%
Super Tetris
0%
Super Tetris 3
0%
Talking Zombatar
0%
Tetris 2
0%
Tetris 4D
0%
Tetris Attack
0%
Tetris Battle Gaiden
0%
Tetris Blast
0%
Tetris Classic
0%
Tetris DX
0%
Tetris.Jr
0%
Tetrisphere
0%
Tetris.Plus
0%
Tetris Plus 2
0%
Tetris S
0%
The Legend of Spyro: A New Beginning
0%
The Legend of Spyro: Dawn of the Dragon
0%
The Legend of Spyro: The Eternal Night
0%
The Lego Batman Movie Game
0%
The Lego Movie 2 Videogame
0%
The Lego Movie Videogame
0%
The Lego Ninjago Movie Video Game
0%
The Misadventures of Tron Bonne
0%
The Playroom
0%
The Playroom VR
0%
The Sly Collection
0%
Ty the Tasmanian Tiger
0%
Ty the Tasmanian Tiger 2: Bush Rescue
0%
Ty the Tasmanian Tiger 3: Night of the Quinkan
0%
Ty the Tasmanian Tiger 4: Bush Rescue Returns
0%
Ty the Tasmanian Tiger: Boomerang Blast
0%
Ty the Tasmanian Tiger: Bush Rescue HQ
0%
Ultimate Sackboy
0%
Use Your Brainz EDU
0%
Virtual Boy Wario Land
0%
VS. Dr. Mario
0%
V-Tetris
0%
Wario land
0%
Wario Land 2
0%
Wario Land 3
0%
Wario Land 4
0%
Wario Land: Shake It!
0%
Wario Ware
0%
WarioWare: D.I.Y.
0%
WarioWare: D.I.Y. Showcase
0%
WarioWare: Get It Together!
0%
WarioWare Gold
0%
WarioWare, Inc.: Mega Party Game$!
0%
WarioWare: Move It!
0%
WarioWare: Smooth Moves
0%
WarioWare: Snapped!
0%
WarioWare: Touched!
0%
WarioWare: Twisted!
0%
Wario World
0%
Welltris
0%
Wily & Right no RockBoard: That's Paradise
0%
World's Largest Pac-Man
0%
Yooka-Laylee
0%
Yooka-Laylee and the Impossible Lair
0%
Yooka-Replaylee
0%
Zombie Match
0%
No matching quizzes found
Score Distribution
Percent of People with Each Score
Percentile by Number Answered
Your Score History
You have not taken this quiz